Datum a čas kvízu
11
Celkem bodů
Celkový počet nahraných bodů na tomto kvízu bez doplňovacích otázek.
7.
Pořadí na kvízu
Konečné umístění týmu na tomto kvízu.
Zaznamenané odpovědi
| # | Otázka | Odpověď | Body | Výsledky |
|---|---|---|---|---|
| 1. | Na česko-polské hranici došlo... | kaplička | 0 | |
| 2. | Ve středu oslavil významné živ... | princ Philip, 99 let | 0 | |
| 3. | Akce, která se konala minulý p... | Noc kostelů | 0 | |
| 4. | Firma Kofola minulý týden ozná... | vodu točenou ze sudu | 0 | |
| 5. | Jak se jmenuje sportovec, kter... | David Pastrňák | 0 | |
| 6. | Psi se na obrazovkách či stříb... | Rin Tin Tin, zkráceně též Rinty | 0 | |
| 7. | Jan, Gustav, Grigorij, Tomek a... | Čtyři z tanku a pes | 1 | |
| 8. | Jak se jmenuje slavný pes, kte... | Rex | 1 | |
| 9. | Nyní se ptáme na jméno tohoto... | Brian | 1 | |
| 10. | Vzpomenete si na jméno filmu,... | Neuvěřitelná cesta (ang. Homeward Bound) | 0 |